000 00952nam a2200205Ia 4500
001 264-LOD en li (2435)
003 IT-MiSPE
008 171229s9999||||xx |||||||||||||| ||und||
040 _aIT-MiSPE
_cIT-MiSPE
041 _aITALIANO
100 _aEnzo Lodi
245 0 _aLiturgia della Chiesa
_bGuida allo studio della liturgia nelle sue fonti antiche e recenti
250 _a1a ed. (v)
260 _aBologna
_bEDB
_c1981
300 _a1439 p.
_c18 cm
501 _aEdizioni San Paolo srl - Piazza Soncino, 5 - 20092 CINISELLO BALSAMO (MI) (non commercial uses only) ® Copyright 2018
942 _cBK
957 _71
999 _a13127
_bNO
_g Copie: 1
_c344920
_d344920